[Event "16e Open International - RÃ©union"]
[Site "Saint-Denis (974)"]
[Date "2014.10.18"]
[Round "1.1"]
[White "Romain, Arnaud"]
[Black "Reinhart, Emmanuel"]
[Result "0-1"]
[WhiteElo "1582"]
[BlackElo "2355"]
[PlyCount "50"]
[EventDate "2014.??.??"]

1. d4 d5 2. c4 c6 3. Nc3 Nf6 4. e3 Be6 5. Nf3 dxc4 6. Ng5 Qc8 7. Be2 h6 8. Nge4
Nxe4 9. Nxe4 Bd5 10. f3 b5 11. Bd2 Nd7 12. Bb4 a5 13. Bc5 Bxe4 14. fxe4 Nxc5
15. dxc5 e5 16. Bg4 Qd8 17. O-O Bxc5 18. Qe2 Qg5 19. Kh1 Qxe3 20. Qc2 Rd8 21.
Rf3 Rd2 22. Qc1 Qd4 23. Qf1 O-O 24. b3 c3 25. Be6 fxe6 0-1

[Event "16e Open International - Réunion"]
[Site "Saint-Denis (974)"]
[Date "2014.10.18"]
[Round "1.2"]
[White "Letreguilly, Olivier"]
[Black "Riviere, Etienne"]
[Result "1-0"]
[WhiteElo "2332"]
[BlackElo "1580"]
[PlyCount "63"]
[EventDate "2014.??.??"]

1. c4 Nf6 2. Nc3 e6 3. Nf3 Nc6 4. d4 d5 5. g3 Bb4 6. Bg2 O-O 7. Ne5 Nxe5 8.
dxe5 d4 9. Qb3 dxc3 10. Qxb4 Nd7 11. Qxc3 c6 12. b3 Qc7 13. Bb2 b6 14. O-O Bb7
15. f4 Rfd8 16. f5 Nc5 17. f6 g6 18. Qe3 Kh8 19. Qh6 Rg8 20. Qg5 Rad8 21. Rf4
Nd7 22. c5 Nf8 23. Ra4 b5 24. Rxa7 Qb8 25. Ra5 Qc7 26. b4 Nd7 27. Ra3 Nb8 28.
Rf3 Nd7 29. Rd3 Nb8 30. Rad1 Ba8 31. Qh6 Bb7 32. Rxd8 1-0

[Event "16e Open International - Réunion"]
[Site "Saint-Denis (974)"]
[Date "2014.10.18"]
[Round "1.3"]
[White "Hoareau, Noe"]
[Black "Moret, Vincent"]
[Result "0-1"]
[WhiteElo "1557"]
[BlackElo "2175"]
[PlyCount "88"]
[EventDate "2014.??.??"]

1. e4 d5 2. exd5 Nf6 3. Nf3 Qxd5 4. Nc3 Qh5 5. Bc4 Bg4 6. Be2 e6 7. d4 c6 8.
Bf4 Qa5 9. O-O Bb4 10. Bd2 Qd8 11. a3 Bd6 12. Be3 Nbd7 13. h3 Bh5 14. Qd2 Qc7
15. Ng5 Bg6 16. Bf3 Nd5 17. Nge4 Be7 18. Nxd5 cxd5 19. Bf4 Qc6 20. Nc3 O-O 21.
h4 Bxh4 22. g3 Bf6 23. Kg2 Nb6 24. Rad1 Rac8 25. Rh1 Nc4 26. Qc1 Nxb2 27. Qxb2
Qxc3 28. Qxb7 Bxd4 29. Bh5 Bb6 30. Bxg6 fxg6 31. Qd7 Qf6 32. Rde1 Qf7 33. Qd6
Bc7 34. Qxe6 Qxe6 35. Rxe6 Bxf4 36. gxf4 Rxc2 37. Ra6 Rxf4 38. Rxa7 Rfxf2+ 39.
Kg3 h6 40. Rd1 Rfd2 41. Re1 Rc3+ 42. Kf4 g5+ 43. Kf5 Rf2+ 44. Kg4 Rf4+ 0-1

[Event "16e Open International - RÃ©union"]
[Site "Saint-Denis (974)"]
[Date "2014.10.18"]
[Round "1.4"]
[White "Stahl, Clement"]
[Black "Labrande, Theodore"]
[Result "1-0"]
[WhiteElo "2149"]
[BlackElo "1471"]
[PlyCount "47"]
[EventDate "2014.??.??"]

1. e4 d6 2. d4 Nf6 3. Nc3 g6 4. Bg5 Bg7 5. Qd2 h6 6. Bf4 g5 7. Bg3 O-O 8. O-O-O
c6 9. f4 Nh7 10. fxg5 hxg5 11. Nf3 e6 12. Bd3 f5 13. exf5 exf5 14. Kb1 g4 15.
Ng1 Ng5 16. h3 gxh3 17. Nxh3 Nxh3 18. Rxh3 Qf6 19. Bc4+ d5 20. Be5 Qf7 21. Rg3
dxc4 22. Qh6 Re8 23. Rxg7+ Kf8 24. Bd6+ 1-0

[Event "16e Open International - Réunion"]
[Site "Saint-Denis (974)"]
[Date "2014.10.18"]
[Round "1.5"]
[White "Fontaine, Willy"]
[Black "Rodier, David"]
[Result "0-1"]
[WhiteElo "1456"]
[BlackElo "2136"]
[PlyCount "64"]
[EventDate "2014.??.??"]

1. e4 c5 2. Nf3 d6 3. h3 a6 4. c4 Nf6 5. d3 Nc6 6. Nc3 e6 7. Be2 Be7 8. O-O O-O
9. Bg5 Bd7 10. b3 Nd4 11. Nxd4 cxd4 12. Nb1 Bc6 13. Bf3 Nd7 14. Bxe7 Qxe7 15.
Nd2 Ne5 16. Be2 Ng6 17. f4 f5 18. Bh5 Qf6 19. Bxg6 Qxg6 20. Qe1 Rae8 21. Rf3
Qh6 22. Qf2 Qf6 23. Re1 h6 24. Rg3 fxe4 25. Nxe4 Bxe4 26. Rxe4 e5 27. Rf3 Qe7
28. f5 b5 29. Qg3 Kh8 30. Qe1 bxc4 31. bxc4 Rb8 32. Rxd4 Qa7 0-1

[Event "16e Open Internationale - Réunion"]
[Site "?"]
[Date "2014.10.18"]
[Round "1"]
[White "André, Stratonowitsch"]
[Black "Triton, Maxime"]
[Result "1-0"]
[WhiteElo "2124"]
[BlackElo "1450"]
[PlyCount "37"]
[EventDate "2014.10.18"]

1. e4 d5 2. exd5 Nf6 3. d4 Nxd5 4. c4 Nb6 5. Nc3 Nc6 6. Nf3 Bg4 7. Be2 Bxf3 8.
Bxf3 Qxd4 9. Bxc6+ bxc6 10. Qxd4 Rd8 11. Qe4 e6 12. Qxc6+ Rd7 13. O-O Bd6 14.
c5 Nc8 15. cxd6 Nxd6 16. Nb5 Nxb5 17. Qxb5 Ke7 18. Qc5+ Ke8 19. Bf4 1-0

[Event "16e Open International - RÃ©union"]
[Site "Saint-Denis (974)"]
[Date "2014.10.18"]
[Round "1.7"]
[White "Sandjivy, Mateo"]
[Black "Wimmer, Olivier"]
[Result "0-1"]
[WhiteElo "1432"]
[BlackElo "2044"]
[PlyCount "68"]
[EventDate "2014.??.??"]

1. e4 c6 2. Nf3 d5 3. Bd3 Bg4 4. O-O Nf6 5. Qe2 e6 6. c3 Bc5 7. Bc2 dxe4 8.
Bxe4 Nbd7 9. d4 Bd6 10. Bg5 Qc7 11. h3 Bh5 12. Qe3 O-O 13. Nbd2 Nd5 14. Bxd5
exd5 15. Qe1 Rae8 16. Qc1 f6 17. Be3 f5 18. Bg5 f4 19. Re1 h6 20. Rxe8 Rxe8 21.
Bxh6 gxh6 22. Qc2 Nf6 23. Qf5 Qf7 24. Re1 Ne4 25. Qxf7+ Bxf7 26. Kf1 Bg6 27. a3
Nxd2+ 28. Nxd2 Bd3+ 29. Kg1 Rxe1+ 30. Kh2 Re2 31. Nf3 Rxf2 32. b4 Be4 33. Ng1
f3+ 34. Kh1 fxg2# 0-1

[Event "16e Open International - RÃ©union"]
[Site "Saint-Denis (974)"]
[Date "2014.10.18"]
[Round "1.8"]
[White "Mezouaghi, Miloud"]
[Black "Romain, Juliane"]
[Result "1-0"]
[WhiteElo "2037"]
[BlackElo "1412"]
[PlyCount "31"]
[EventDate "2014.??.??"]

1. e4 e5 2. Nf3 Nc6 3. Bc4 Be7 4. d4 d6 5. c3 Nf6 6. Nbd2 O-O 7. h3 Kh8 8. Bd3
Ng8 9. d5 Nb8 10. Qc2 c6 11. dxc6 bxc6 12. O-O d5 13. Nxe5 dxe4 14. Nxe4 Qd5
15. Bf4 Rd8 16. Bc4 1-0

[Event "16e Open International - Réunion"]
[Site "Saint-Denis (974)"]
[Date "2014.10.18"]
[Round "1.9"]
[White "Labrande, Eleonore"]
[Black "Roos, Louise"]
[Result "0-1"]
[WhiteElo "1400"]
[BlackElo "1914"]
[PlyCount "116"]
[EventDate "2014.??.??"]

1. e4 c5 2. Nf3 d6 3. d4 cxd4 4. Nxd4 Nf6 5. Nc3 Nc6 6. Bb5 Bd7 7. O-O a6 8.
Bc4 b5 9. Bb3 b4 10. Nb1 e6 11. Re1 Qb6 12. Be3 Qb7 13. Nd2 Na5 14. Bg5 Nxb3
15. N4xb3 Be7 16. f4 Qb6+ 17. Kh1 Bc6 18. Bxf6 gxf6 19. Nc4 Qc7 20. Nca5 Bb5
21. Qd4 Rd8 22. Qxb4 d5 23. Qd4 Qxf4 24. exd5 Qxd4 25. Nxd4 Bb4 26. Ndc6 Bxe1
27. Rxe1 Bxc6 28. dxc6 Rc8 29. Re3 O-O 30. Rb3 Rfd8 31. Kg1 Rd1+ 32. Kf2 Rd2+
33. Kf3 Rxc2 34. h3 Rc5 35. Ra3 Rb5 36. b3 Kf8 37. Ke4 f5+ 38. Kd4 e5+ 39. Kc4
e4 40. b4 Ke7 41. Rb3 Rxa5 42. bxa5 Rxc6+ 43. Kd5 Rc2 44. Ke5 Rc5+ 45. Kf4 Rxa5
46. a3 Rb5 47. Rc3 Kd6 48. g4 fxg4 49. hxg4 Kd5 50. Re3 Rb2 51. Kf5 Rf2+ 52.
Kg5 Kd4 53. Rb3 Rf3 54. Rb4+ Ke3 55. Rb3+ Kf2 56. Rb2+ Kg3 57. Re2 e3 58. Re1
Kf2 0-1

[Event "16e Open International - RÃ©union"]
[Site "Saint-Denis (974)"]
[Date "2014.10.18"]
[Round "1.10"]
[White "Kibria, Golam"]
[Black "Collet, Jean Daniel"]
[Result "1-0"]
[WhiteElo "1899"]
[BlackElo "1399"]
[PlyCount "67"]
[EventDate "2014.??.??"]

1. d4 d6 2. c4 g6 3. Nc3 Bg7 4. Nf3 Nf6 5. e4 Bg4 6. Be2 Bxf3 7. Bxf3 Nbd7 8.
Qb3 b6 9. e5 dxe5 10. dxe5 Nxe5 11. Qb5+ Ned7 12. Bxa8 Qxa8 13. O-O O-O 14. Bg5
Nc5 15. Rad1 a6 16. Qb4 Re8 17. Rfe1 e6 18. a4 Nh5 19. a5 Bf8 20. Be3 Nd3 21.
Qa4 Nxb2 22. Qd7 Bd6 23. Rxd6 cxd6 24. axb6 Rd8 25. Qc7 Qb8 26. Rb1 Nd3 27. Ne4
Ne5 28. Nxd6 Nd7 29. c5 Nhf6 30. Bg5 Rf8 31. c6 Nxb6 32. Qxb8 Rxb8 33. Bxf6 a5
34. c7 1-0

[Event "16e Open International - Réunion"]
[Site "Saint-Denis (974)"]
[Date "2014.10.18"]
[Round "1.11"]
[White "Etheve, Loic"]
[Black "Payet, Jean-Claude"]
[Result "0-1"]
[WhiteElo "1399"]
[BlackElo "1893"]
[PlyCount "90"]
[EventDate "2014.??.??"]

1. e4 e6 2. f4 d5 3. e5 c5 4. b3 Nc6 5. c3 Nh6 6. Nf3 Be7 7. Na3 O-O 8. Nc2 f6
9. d4 fxe5 10. fxe5 Nf7 11. h4 Bd7 12. Bd3 cxd4 13. Bxh7+ Kh8 14. Ng5 Ncxe5 15.
Qh5 Nh6 16. Bg6 Kg8 17. Nh7 Nxg6 18. Nxf8 Nxf8 19. Bxh6 gxh6 20. Rh3 Qe8 21.
Rg3+ Kh7 22. Qg4 Qg6 23. O-O-O Qxg4 24. Rxg4 e5 25. Rg3 Bxh4 26. Rf3 e4 27.
Rf7+ Kg6 28. Rdf1 d3 29. Rxf8 Rxf8 30. Rxf8 Bg5+ 31. Kb2 d2 32. Rg8+ Kh5 33.
Rxg5+ hxg5 34. Ne3 Bg4 35. Kc2 d1=Q+ 36. Nxd1 Bxd1+ 37. Kxd1 Kg4 38. Ke2 Kg3
39. Kf1 e3 40. a4 g4 41. a5 e2+ 42. Kxe2 Kxg2 43. c4 dxc4 44. bxc4 Kh2 45. c5
a6 0-1

[Event "16e Open International - Réunion"]
[Site "Saint-Denis (974)"]
[Date "2014.10.18"]
[Round "1.12"]
[White "Rajaobelina, Hery"]
[Black "Labrande, Emmanuel"]
[Result "1-0"]
[WhiteElo "1887"]
[BlackElo "1389"]
[PlyCount "99"]
[EventDate "2014.??.??"]

1. e4 g6 2. d4 Bg7 3. Be3 d6 4. Nc3 a6 5. Qd2 b5 6. a3 Nd7 7. Be2 Bb7 8. Nh3
Rc8 9. f3 c5 10. d5 b4 11. axb4 cxb4 12. Nd1 a5 13. Bb5 Ra8 14. Bd4 Ngf6 15. c3
O-O 16. cxb4 axb4 17. Rxa8 Bxa8 18. Qxb4 Qc7 19. Qc3 Qb7 20. Bc6 Qc8 21. b4 e6
22. Bxa8 Qxa8 23. dxe6 fxe6 24. Qb3 Re8 25. Nf4 Nf8 26. O-O Kh8 27. Nd3 e5 28.
Be3 Re7 29. Nc3 Qa6 30. b5 Qb7 31. Nb4 N8d7 32. Ra1 Nf8 33. Nc6 Rc7 34. Ra7 Qc8
35. Bb6 Rxa7 36. Bxa7 N8d7 37. Qe6 Qc7 38. Nd5 Qb7 39. Nde7 Nc5 40. Nd8 Qxa7
41. Kf1 Qa1+ 42. Kf2 Qd4+ 43. Kg3 Nh5+ 44. Kg4 Nf6+ 45. Kh3 h6 46. Nxg6+ Kh7
47. Nf8+ Bxf8 48. Qxf6 Bg7 49. Qf7 Qe3 50. Ne6 1-0

[Event "16e Open International - Réunion"]
[Site "Saint-Denis (974)"]
[Date "2014.10.18"]
[Round "1.13"]
[White "Labrande, Jean Donatien"]
[Black "Calmels, Nicolas"]
[Result "0-1"]
[WhiteElo "1372"]
[BlackElo "1884"]
[PlyCount "120"]
[EventDate "2014.??.??"]

1. e4 e5 2. Nf3 Nf6 3. Nc3 Bb4 4. Bc4 Nc6 5. d3 d5 6. exd5 Nxd5 7. Bd2 Nb6 8.
Bb5 Bd7 9. O-O Qe7 10. Re1 f6 11. d4 O-O-O 12. a3 Bxc3 13. Bxc3 e4 14. d5 Ne5
15. Bxd7+ Nexd7 16. Bb4 Qe8 17. Qd4 f5 18. Rad1 g5 19. Nxg5 Qg6 20. Ne6 Rhg8
21. Nf4 Qg4 22. Bd2 Kb8 23. d6 c5 24. Qc3 Rde8 25. Be3 Re6 26. g3 Ne5 27. Nxe6
Nf3+ 28. Kg2 Nd7 29. Rh1 Nh4+ 30. Kf1 Qxd1+ 31. Qe1 Qf3 32. Rg1 Ne5 33. Qe2 Kc8
34. Nxc5 Qxe2+ 35. Kxe2 Nhf3 36. Rd1 Nd7 37. h4 b6 38. Ne6 Rg6 39. Ng5 Nfe5 40.
Nxh7 Nc4 41. Bf4 Kb7 42. b3 Nxa3 43. Rd5 Nxc2 44. Rxf5 Nd4+ 45. Ke3 Nxf5+ 46.
Kxe4 Nxd6+ 47. Kd5 Nc8 48. h5 Ne7+ 49. Ke4 Re6+ 50. Kf3 Nc5 51. b4 Nd3 52. Nf8
Rf6 53. Nd7 Rf7 54. h6 Nxb4 55. g4 Ng6 56. g5 Rxf4+ 57. Ke3 a5 58. h7 a4 59.
h8=Q Nxh8 60. Kxf4 a3 0-1

[Event "16e Open International - RÃ©union"]
[Site "Saint-Denis (974)"]
[Date "2014.10.18"]
[Round "1.14"]
[White "Rajaonson, Andriamahenina"]
[Black "Sandjivy, Jean Marc"]
[Result "1-0"]
[WhiteElo "1864"]
[BlackElo "1366"]
[PlyCount "49"]
[EventDate "2014.??.??"]

1. f4 d5 2. Nf3 Nf6 3. g3 Nc6 4. Bg2 Qd6 5. O-O e5 6. fxe5 Nxe5 7. d3 Nxf3+ 8.
exf3 Be6 9. Re1 Be7 10. Nc3 Qd7 11. Qe2 Bc5+ 12. Kh1 d4 13. Ne4 Nxe4 14. Qxe4
O-O-O 15. Bg5 Rde8 16. f4 c6 17. Qf3 h6 18. Bh4 f6 19. g4 Bxg4 20. Qf2 g5 21.
Bg3 h5 22. fxg5 fxg5 23. Qf6 Be7 24. Qe5 Bb4 25. Qb8# 1-0

[Event "16e Open International - Réunion"]
[Site "Saint-Denis (974)"]
[Date "2014.10.18"]
[Round "1.15"]
[White "Ringayen, Francinel"]
[Black "Frelicot, Eric"]
[Result "0-1"]
[WhiteElo "1361"]
[BlackElo "1841"]
[PlyCount "102"]
[EventDate "2014.??.??"]

1. e4 c6 2. Nf3 d5 3. exd5 cxd5 4. d4 Nc6 5. Bb5 Bd7 6. Bxc6 Bxc6 7. Qe2 e6 8.
Bd2 Nf6 9. c3 Qb6 10. Bf4 Be7 11. b3 O-O 12. O-O Rac8 13. Nbd2 Bb5 14. c4 dxc4
15. Nxc4 Qd8 16. Rfc1 Nd5 17. Bd2 Bf6 18. Qd3 Nb6 19. Ba5 Qd5 20. Bxb6 axb6 21.
Rc3 Rc6 22. h3 Rfc8 23. Rac1 g6 24. a4 Ba6 25. Kf1 Rd8 26. Rd1 Rcd6 27. Ke1 e5
28. Ne3 Qa5 29. Nc4 Qb4 30. Kf1 exd4 31. Rc2 Rc6 32. Nfd2 b5 33. axb5 Bxb5 34.
Kg1 Re6 35. Kf1 Bg5 36. g3 Qe7 37. Nf3 Bf6 38. Re2 Rd5 39. Rxe6 Qxe6 40. Qe2
Qxh3+ 41. Ke1 Rd6 42. Kd2 d3 43. Qf1 Qh6+ 44. Ne3 Rc6 45. Rc1 Qf8 46. Nd5 Bg7
47. Qe1 Bh6+ 48. Ne3 Qb4+ 49. Kd1 Qxb3+ 50. Kd2 Qb2+ 51. Kd1 Qxc1# 0-1

[Event "16e Open International - RÃ©union"]
[Site "Saint-Denis (974)"]
[Date "2014.10.18"]
[Round "1.16"]
[White "Jourde, Michel"]
[Black "Noel, Philippe"]
[Result "1-0"]
[WhiteElo "1805"]
[BlackElo "1297"]
[PlyCount "21"]
[EventDate "2014.??.??"]

1. e4 e5 2. Nf3 Nc6 3. Bc4 h6 4. d4 Bd6 5. dxe5 Nxe5 6. Nxe5 Bxe5 7. Bxf7+ Kxf7
8. Qh5+ Kf6 9. f4 Qe7 10. fxe5+ Qxe5 11. O-O+ 1-0

[Event "16e Open International - RÃ©union"]
[Site "Saint-Denis (974)"]
[Date "2014.10.18"]
[Round "1.17"]
[White "Le Maguet, Loan"]
[Black "Duprey, Francois-Xavier"]
[Result "0-1"]
[WhiteElo "1280"]
[BlackElo "1764"]
[PlyCount "106"]
[EventDate "2014.??.??"]

1. e4 c5 2. Nf3 d6 3. d4 cxd4 4. Nxd4 Nf6 5. Nc3 g6 6. Bd3 Bg7 7. Be3 O-O 8.
O-O Ng4 9. Qd2 Qb6 10. Nb3 Nxe3 11. Qxe3 Qxe3 12. fxe3 Bxc3 13. bxc3 b6 14. Nd4
Bb7 15. Nf3 Nd7 16. Bb5 Nc5 17. Bd3 Bxe4 18. Bxe4 Nxe4 19. c4 Rac8 20. Nd4 Rxc4
21. Rf4 d5 22. Nb5 a6 23. Na3 Rc3 24. Nb1 Rxc2 25. g3 Rfc8 26. Na3 R2c3 27. Nb1
Rxe3 28. a4 e5 29. Rf1 Rc2 30. Na3 Rcc3 31. Nb1 Rb3 32. Ra2 d4 33. Nd2 Nxd2 34.
Rxd2 Red3 35. Rfd1 Rxd2 36. Rxd2 Rb4 37. Ra2 Kg7 38. Kf2 Kf6 39. Ke2 e4 40. g4
Ke5 41. Rd2 Rxa4 42. Rd1 Ra2+ 43. Ke1 Rxh2 44. Rd2 Rxd2 45. Kxd2 b5 46. Kc2 a5
47. g5 b4 48. Kd2 a4 49. Kc2 d3+ 50. Kd2 Kd4 51. Kc1 e3 52. Kd1 b3 53. Kc1 a3
0-1

[Event "16e Open International - RÃ©union"]
[Site "Saint-Denis (974)"]
[Date "2014.10.18"]
[Round "1.18"]
[White "Desire, Michael"]
[Black "Atlan, Yoram"]
[Result "1-0"]
[WhiteElo "1751"]
[BlackElo "1270"]
[PlyCount "99"]
[EventDate "2014.??.??"]

1. d4 d5 2. c4 e6 3. Nc3 Nc6 4. Nf3 Bb4 5. Bf4 Nf6 6. e3 Nh5 7. Be5 f6 8. Bg3
Nxg3 9. hxg3 e5 10. Nh4 Qe7 11. cxd5 exd4 12. Ng6 Qc5 13. exd4 Nxd4 14. Rc1
Qxd5 15. Qa4+ Nc6 16. Qxb4 Nxb4 17. Nxd5 Nxd5 18. Nxh8 Bf5 19. Bc4 O-O-O 20.
Nf7 Rd7 21. Bxd5 Rxd5 22. Rd1 Rd7 23. Rxd7 Kxd7 24. Kd2 Ke7 25. Nh8 Kf8 26. g4
Bxg4 27. Rxh7 Bf5 28. Rh1 Kg8 29. Ke3 Bh7 30. Nf7 Bg6 31. Nd8 b6 32. Nc6 a5 33.
Ne7+ Kf7 34. Nxg6 Kxg6 35. Rc1 c5 36. Rd1 Kg5 37. Rd6 f5 38. f4+ Kg4 39. Rxb6
Kg3 40. Rg6+ Kh4 41. Kf3 Kh5 42. Rxg7 c4 43. g4+ Kh6 44. Rg5 c3 45. bxc3 a4 46.
gxf5 a3 47. f6 Kh7 48. f7 Kh6 49. f8=Q+ Kh7 50. Qg7# 1-0

[Event "16e Open Internationale - Réunion"]
[Site "?"]
[Date "2014.10.18"]
[Round "1"]
[White "Caminade, Lionel"]
[Black "Bah, Ismael"]
[Result "0-1"]
[WhiteElo "1240"]
[BlackElo "1745"]
[PlyCount "116"]
[EventDate "2014.10.18"]

1. d4 d5 2. Nf3 Nf6 3. e3 a6 4. Bd3 c5 5. b3 cxd4 6. exd4 e6 7. O-O Be7 8. Bb2
O-O 9. Nbd2 Nbd7 10. Re1 Re8 11. Ne5 Qc7 12. Ndf3 h6 13. h3 Nxe5 14. Nxe5 Nd7
15. Qh5 Nxe5 16. dxe5 Bf8 17. Qe2 Bb4 18. Red1 Bc3 19. Rab1 Bxb2 20. Rxb2 Qc3
21. Rbb1 Bd7 22. Qd2 Qxe5 23. Re1 Qg5 24. Qxg5 hxg5 25. g4 e5 26. c4 d4 27.
Rbc1 Bc6 28. Be4 Bxe4 29. Rxe4 f6 30. Kg2 Rac8 31. c5 Rc6 32. a4 b6 33. b4 bxc5
34. Rxc5 Rxc5 35. bxc5 Rc8 36. Re1 Rxc5 37. Rb1 Ra5 38. Rb4 Kf7 39. Kg3 Rd5 40.
Kf3 d3 41. Rb1 Rd4 42. a5 d2 43. Rd1 Ke6 44. Ke3 Kd5 45. Rxd2 Rxd2 46. Kxd2 Kc4
47. Kc2 Kb4 48. Kb2 Kxa5 49. Ka2 Kb4 50. f3 Kc3 51. Ka3 Kd3 52. Ka4 Ke3 53. Ka5
Kxf3 54. Kxa6 Kg3 55. Kb6 Kxh3 56. Kc6 Kxg4 57. Kd6 Kh5 58. Ke6 g4 0-1

[Event "16e Open International - RÃ©union"]
[Site "Saint-Denis (974)"]
[Date "2014.10.18"]
[Round "1.20"]
[White "Vitry, Patrick"]
[Black "Sandjivy, Vivien"]
[Result "1-0"]
[WhiteElo "1733"]
[BlackElo "1220"]
[PlyCount "79"]
[EventDate "2014.??.??"]

1. d4 d5 2. c4 Nf6 3. Nc3 Bf5 4. Nf3 e6 5. e3 Bb4 6. Qa4+ Nc6 7. Ne5 Bxc3+ 8.
bxc3 O-O 9. Nxc6 Qe8 10. Ba3 bxc6 11. Bxf8 Kxf8 12. Be2 Ne4 13. Qa3+ Kg8 14. f3
Nd6 15. cxd5 exd5 16. Kf2 h6 17. Qb2 Rb8 18. Qd2 Bg6 19. Rhc1 Qe7 20. c4 dxc4
21. Bxc4 Re8 22. e4 Bxe4 23. Bb3 Qh4+ 24. Kg1 Bf5 25. Re1 Ne4 26. fxe4 Bxe4 27.
Qf2 Qxf2+ 28. Kxf2 Kf8 29. Rac1 f5 30. Bc2 Re6 31. Bxe4 fxe4 32. Re3 Rf6+ 33.
Kg1 Rf5 34. Rxe4 Rf6 35. Rf1 Rxf1+ 36. Kxf1 Kf7 37. Re5 a6 38. Rc5 Ke7 39. Rxc6
Kd7 40. Rxa6 1-0

[Event "16e Open International - RÃ©union"]
[Site "Saint-Denis (974)"]
[Date "2014.10.18"]
[Round "1.21"]
[White "Lacouture, Alexandre"]
[Black "Goorsahye, Antoine"]
[Result "0-1"]
[WhiteElo "1210"]
[BlackElo "1726"]
[PlyCount "42"]
[EventDate "2014.??.??"]

1. e4 e5 2. Nf3 Nc6 3. Bc4 Nf6 4. Ng5 Bc5 5. Bxf7+ Ke7 6. O-O h6 7. Bc4 hxg5 8.
d3 g4 9. g3 Qe8 10. Bg5 Qh5 11. h4 gxh3 12. Qxh5 Rxh5 13. Bh4 g5 14. Bxg5 Rxg5
15. Nc3 d6 16. Bd5 Nd4 17. Rfe1 Bg4 18. Bxb7 h2+ 19. Kxh2 Rh8+ 20. Kg1 Nf3+ 21.
Kg2 Rh2+ 0-1

[Event "16e Open International - RÃ©union"]
[Site "Saint-Denis (974)"]
[Date "2014.10.18"]
[Round "1.22"]
[White "Andriandaza, Tombo Omar"]
[Black "Labrande, Mona"]
[Result "1-0"]
[WhiteElo "1717"]
[BlackElo "1200"]
[PlyCount "65"]
[EventDate "2014.??.??"]

1. Nf3 Nc6 2. d4 Nf6 3. d5 Nb4 4. c4 b6 5. a3 Na6 6. b4 d6 7. Nd4 Bb7 8. Nc3
Nb8 9. e4 Nbd7 10. Qa4 g6 11. Nc6 Nc5 12. bxc5 Qd7 13. cxd6 exd6 14. Be2 Bg7
15. Rb1 O-O 16. O-O h5 17. Bg5 Nh7 18. Ne7+ Qxe7 19. Bxe7 Rfe8 20. Bxd6 Bxc3
21. Bxc7 Rxe4 22. Bf3 Re7 23. d6 Re5 24. Bxb7 Rae8 25. d7 b5 26. Qxb5 Re1 27.
dxe8=Q+ Rxe8 28. Qxe8+ Nf8 29. Bd5 Kg7 30. Qxf7+ Kh6 31. Bf4+ g5 32. Qxf8+ Kg6
33. Be4# 1-0

[Event "16e Open International - RÃ©union"]
[Site "Saint-Denis (974)"]
[Date "2014.10.18"]
[Round "1.24"]
[White "Francou, Yvon"]
[Black "Cazal, Julian"]
[Result "0-1"]
[WhiteElo "1670"]
[BlackElo "1100"]
[PlyCount "88"]
[EventDate "2014.??.??"]

1. e4 e5 2. Nc3 Nf6 3. Nf3 Nc6 4. Bc4 Bc5 5. O-O a6 6. d3 O-O 7. Ng5 d6 8.
Bxf7+ Rxf7 9. Nxf7 Kxf7 10. Na4 Bg4 11. Qd2 Ba7 12. Qc3 Qd7 13. Qb3+ Be6 14.
Qc3 Nd4 15. Re1 g6 16. Re3 Rc8 17. Rg3 Ne2+ 18. Kf1 Nxc3 19. Nxc3 h6 20. Bd2
Rg8 21. Re1 c6 22. Rge3 Bxe3 23. Rxe3 Ke8 24. Na4 c5 25. Nb6 Qd8 26. Nd5 g5 27.
Nxf6+ Qxf6 28. c3 Bxa2 29. Rf3 Qe7 30. b4 cxb4 31. cxb4 Rf8 32. Rh3 Qg7 33. f3
Qg6 34. Bc1 h5 35. Bb2 Kd7 36. Rg3 h4 37. Rg4 Be6 38. h3 Rb8 39. d4 Bxg4 40.
hxg4 exd4 41. Ke2 Rc8 42. Kd3 Rc3+ 43. Kxd4 Qf6+ 44. e5 Qxe5# 0-1

[Event "16e Open International - RÃ©union"]
[Site "Saint-Denis (974)"]
[Date "2014.10.18"]
[Round "1.25"]
[White "Hubert, Nathan"]
[Black "Cochard, Franck-Olivier"]
[Result "0-1"]
[WhiteElo "1099"]
[BlackElo "1655"]
[PlyCount "76"]
[EventDate "2014.??.??"]

1. e4 d5 2. Nc3 dxe4 3. Nxe4 Bf5 4. d3 e5 5. g4 Bxe4 6. dxe4 Qxd1+ 7. Kxd1 Nf6
8. f3 Nc6 9. Be3 Be7 10. Bd3 O-O-O 11. Kc1 Nd4 12. Bxd4 Rxd4 13. Nh3 Bc5 14. f4
exf4 15. Nxf4 Nxe4 16. g5 Nf2 17. Rf1 Rxf4 18. Be4 Be3+ 19. Kb1 Nxe4 20. Rxf4
Bxf4 21. c3 Rd8 22. a4 Rd1+ 23. Ka2 Rxa1+ 24. Kxa1 Bxh2 25. b4 Nxg5 26. a5 f5
27. c4 f4 28. c5 f3 29. b5 f2 30. b6 axb6 31. cxb6 cxb6 32. axb6 f1=Q+ 33. Ka2
Be5 34. Ka3 Qd3+ 35. Ka2 Qc2+ 36. Ka3 Bb2+ 37. Ka2 Bc1+ 38. Ka1 Qb2# 0-1

[Event "16e Open International - RÃ©union"]
[Site "Saint-Denis (974)"]
[Date "2014.10.18"]
[Round "1.26"]
[White "Weber, Richard"]
[Black "Laoussing, Mathis"]
[Result "1-0"]
[WhiteElo "1650"]
[BlackElo "1099"]
[PlyCount "71"]
[EventDate "2014.??.??"]

1. e4 e5 2. d4 exd4 3. Qxd4 Nc6 4. Qd1 Nf6 5. Bg5 Be7 6. Nd2 O-O 7. c3 h6 8.
Bh4 d6 9. Bb5 Re8 10. h3 g5 11. Bg3 Nh5 12. Qxh5 Kh7 13. O-O-O a6 14. Ba4 Rf8
15. Bc2 Be6 16. e5+ Kg7 17. exd6 cxd6 18. Kb1 Qa5 19. Bb3 Bxb3 20. Nxb3 Qf5+
21. Ka1 a5 22. Qf3 Kg6 23. Qxf5+ Kxf5 24. Nf3 a4 25. Nbd4+ Nxd4 26. Nxd4+ Kg6
27. Rhe1 Rfe8 28. Nb5 d5 29. Nc7 Rac8 30. Nxe8 Rxe8 31. Bd6 Kf6 32. Bxe7+ Kg7
33. Bf6+ Kf8 34. Rxe8+ Kxe8 35. Rxd5 Kf8 36. Rd8# 1-0

[Event "16e Open International - RÃ©union"]
[Site "Saint-Denis (974)"]
[Date "2014.10.18"]
[Round "1.27"]
[White "Caminade, Hugo"]
[Black "Fontaine, Cedric"]
[Result "0-1"]
[WhiteElo "1070"]
[BlackElo "1642"]
[PlyCount "40"]
[EventDate "2014.??.??"]

1. Nf3 c5 2. g3 d6 3. Bg2 Nc6 4. c3 Bd7 5. d4 cxd4 6. cxd4 Qc8 7. h3 Nf6 8. g4
h6 9. O-O h5 10. Nh2 hxg4 11. hxg4 Nxg4 12. Nxg4 Bxg4 13. f3 Bh3 14. Rf2 Bxg2
15. Rxg2 Qh3 16. Rh2 Qxh2+ 17. Kf1 Qh1+ 18. Kf2 Qxd1 19. Nc3 Qxd4+ 20. Be3 Qh4+
0-1

[Event "16e Open International - RÃ©union"]
[Site "Saint-Denis (974)"]
[Date "2014.10.18"]
[Round "1.28"]
[White "Dennemont, Bruno"]
[Black "Alex-Geerjanan, Nils"]
[Result "1-0"]
[WhiteElo "1620"]
[BlackElo "1009"]
[PlyCount "57"]
[EventDate "2014.??.??"]

1. e4 e5 2. Nf3 Nc6 3. Bc4 Nf6 4. Ng5 Bc5 5. Bxf7+ Kf8 6. Bc4 Na5 7. Bb3 Ng4 8.
Qxg4 Qf6 9. Qf3 Nc6 10. Qxf6+ gxf6 11. Nf3 Nb4 12. Nc3 Nxc2+ 13. Bxc2 Rg8 14.
O-O Rg4 15. Nd5 c6 16. Nxf6 Rg6 17. Nxh7+ Kg8 18. Nhg5 d6 19. Bb3+ d5 20. exd5
cxd5 21. Bxd5+ Kg7 22. Ne4 Bh3 23. Ng3 Bg4 24. Nxe5 Rf6 25. Nxg4 Kg6 26. Nxf6
Kxf6 27. Bxb7 Rb8 28. Ne4+ Kf7 29. Nxc5 1-0

[Event "16e Open International - RÃ©union"]
[Site "Saint-Denis (974)"]
[Date "2014.10.18"]
[Round "1.29"]
[White "Collet, Marine Celine There"]
[Black "Gallet, Hadrien"]
[Result "0-1"]
[WhiteElo "1009"]
[BlackElo "1614"]
[PlyCount "72"]
[EventDate "2014.??.??"]

1. e4 c5 2. d4 cxd4 3. c3 dxc3 4. Nxc3 d6 5. Bc4 Nf6 6. e5 dxe5 7. Bxf7+ Kxf7
8. Qxd8 Nc6 9. Qc7 Nd4 10. Rb1 Bf5 11. Qc4+ Be6 12. Qa4 Bf5 13. Qc4+ Be6 14.
Nd5 Bxd5 15. Qxd5+ Nxd5 16. Bg5 e6 17. Ne2 Bb4+ 18. Kd1 Rac8 19. a3 Ba5 20. Rc1
Rxc1+ 21. Nxc1 h6 22. b4 hxg5 23. bxa5 Nb5 24. a4 Nbc3+ 25. Kd2 Nxa4 26. Nb3 g4
27. Rc1 Rxh2 28. Nc5 Nxc5 29. Rxc5 Rxg2 30. Rb5 Rxf2+ 31. Ke1 Ra2 32. Rxb7+ Kf6
33. Rxa7 g3 34. a6 g2 35. Rxg7 Kxg7 36. a7 g1=Q# 0-1